...Geology of the coastal plain of east-central Georgia, (Record no. 28101)

MARC details
000 -LEADER
fixed length control field 01220cam a22003011 4500
001 - CONTROL NUMBER
control field gs 46000124
003 - CONTROL NUMBER IDENTIFIER
control field DLC
005 - DATE AND TIME OF LATEST TRANSACTION
control field 20260227111351.0
008 - FIXED-LENGTH DATA ELEMENTS--GENERAL INFORMATION
fixed length control field 751029s1946 gauab 000 0 eng
010 ## - LIBRARY OF CONGRESS CONTROL NUMBER
LC control number gs 46000124
035 ## - SYSTEM CONTROL NUMBER
System control number (OCoLC)1742602
040 ## - CATALOGING SOURCE
Original cataloging agency DLC
Transcribing agency FJ
Modifying agency OCoLC
-- DLC
042 ## - AUTHENTICATION CODE
Authentication code premarc
050 00 - LIBRARY OF CONGRESS CALL NUMBER
Classification number QE101
Item number .A12 no. 50, pt. 1
082 ## - DEWEY DECIMAL CLASSIFICATION NUMBER
Classification number 557.58
100 1# - MAIN ENTRY--PERSONAL NAME
Personal name LaMoreaux, Philip E.
Fuller form of name (Philip Elmer),
Dates associated with a name 1920-
245 00 - TITLE STATEMENT
Title ...Geology of the coastal plain of east-central Georgia,
Statement of responsibility, etc. by Philip E. La Moreaux...
260 ## - PUBLICATION, DISTRIBUTION, ETC.
Place of publication, distribution, etc. Atlanta,
Date of publication, distribution, etc. 1946.
300 ## - PHYSICAL DESCRIPTION
Extent vi, 26 p.
Other physical details illus. (incl. map. diagrs.)
Dimensions 23 cm.
490 1# - SERIES STATEMENT
Series statement Georgia. Dept. of Mines, Mining and Geology. Bulletin
Volume/sequential designation no 50, pt. 1
500 ## - GENERAL NOTE
General note At head of title: Georgia. State division of conservation. Dept. of mines, mining and geology...The geological survey...
500 ## - GENERAL NOTE
General note "Published in cooperation with the United States Department of the interior. Geological survey."
504 ## - BIBLIOGRAPHY, ETC. NOTE
Bibliography, etc. note Bibliographical foot-notes.
650 #0 - SUBJECT ADDED ENTRY--TOPICAL TERM
Topical term or geographic name entry element Geology
Geographic subdivision Georgia.
710 2# - ADDED ENTRY--CORPORATE NAME
Corporate name or jurisdiction name as entry element Geological Survey (U.S.)
740 0# - ADDED ENTRY--UNCONTROLLED RELATED/ANALYTICAL TITLE
Uncontrolled related/analytical title Coastal plain of east-central Georgia.
810 10 - SERIES ADDED ENTRY--CORPORATE NAME
Corporate name or jurisdiction name as entry element Georgia.
Subordinate unit Department of Mines, Mining and Geology.
Title of a work Bulletin
Volume/sequential designation no 50, pt. 1.

No items available.

Powered by Koha